LEADER 01382nam a2200301 u 4500 001 000000052264 003 CaOOAMICUS 005 20070226115429.0 008 001012s1968 it u000 u ita u 035 $a10858055 040 $aPUL(R)$bita 245 00$aSintesi sull'angoscia /$cintroduzione di Enrico Piccinini. 260 $aRoma :$bUgo Bozzi Editore,$c1968. 300 $a261 p. ;$c16 cm 490 1 $aLe sintesi ;$v3 500 $a"Sul front.: La Bibbia, Saffo, Eschilo, Shakespeare, Leopardi, Poe, Baudelaire, Maupassant, Fogazzaro, Kierkegaard, Rilke, Kafka, Eliot, Mauriac, Heidegger, Satre, Fred, Oppenheimer". 504 $aNote bibliografiche. 650 4$aAngoscia.$0(OLS)http://pul/subject/18919 700 1 $aPiccinini, Enrico.$0(OLS)http://pul/name/37369 830 3$aLe sintesi ;$v3.$0(OLS)http://pul/title/70115 850 $aPUL 852 $aPUL$W1$xDP1 Fondo Ciprotti$y59$m1545 F 1$j69125$nBK-PRI$b $qFondi$B69125$CPULBib$Z2$F69125 $H $81 852 $aPUL$W1$xDP1 Fondo Giannini$y60$m1562 A 32$j69126$nBK-PRI$b $qFondi$B69126$CPULBib$Z2$F69126 $H $81 941 1 $a1 961 $aINV: Fondo Ciprotti 961 $aINV: Fondo Giannini 996 $6245$aSintesi sull'angoscia$9(OLS)http://pul/title/70114 996 $6260$aRoma :$bUgo Bozzi Editore$9(OLS)http://pul/publisher/68245 LEADER 01460nam a2200253 u 4500 001 000000065338 003 CaOOAMICUS 005 20070226121444.0 008 011205s1887 bl u000 u fre u 035 $a10912800 040 $aPUL(R)$bita 100 1 $aTeixeira Mendes, R.$0(OLS)http://pul/name/44022 245 13$aLa philosophie chimique d'après Auguste Comte :$bindications générales sur la théorie positiviste des phénomènes de composition et de decomposition suives d'une appréciation sommaire de l'Etat actuel de la chimie /$cpar R. Teixeira Mendes. 260 $aRio de Janeiro :$bAu Siège du Centre Positiviste,$c1887. 300 $a251 p. ;$c18 cm 500 $a"Distribution gratuite". 500 $aIn testa al front.: Centre positiviste du Brésil. 600 14$aComte, Auguste,$d1798-1857$xFilosofia.$0(OLS)http://pul/subject/7809 650 4$aChimica.$0(OLS)http://pul/subject/22633 850 $aPUL 852 $aPUL$W1$xDP1 Antico 800$y27$m89 E 33$j84623$nBK-PRI$b $qStampati Antico$B84623$CPULBib$Z2$F84623 $H $81 941 1 $a15 996 $6245$aLa philosophie chimique d'après Auguste Comte :$bindications générales sur la théorie positiviste des phénomènes de composition et de decomposition suives d'une appréciation sommaire de l'Etat actuel de la chimie$9(OLS)http://pul/title/86927 996 $6260$aRio de Janeiro :$bAu Siège du Centre Positiviste$9(OLS)http://pul/publisher/71124